| 000 | 00631nam a2200205Ia 4500 | ||
|---|---|---|---|
| 008 | 240729s9999 xx 000 0 und d | ||
| 022 | _a2283-9216 | ||
| 245 | 0 | _aChemical Engineering Transactions | |
| 260 | _aItaly | ||
| 260 | _bAIDIC Servizi S.r.l. | ||
| 650 | _a Chemical engineering | Technology | ||
| 650 | _a Chemical technology | ||
| 650 | _a Computer engineering. Computer hardware | ||
| 650 | _a Electrical engineering. Electronics. Nuclear engineering | ||
| 650 | _a Electronics | ||
| 650 | _aTechnology | ||
| 856 | _uhttps://doaj.org/toc/1b92ac0763f84e429ee30fc86f94aa3d | ||
| 942 | _2ddc | ||
| 942 | _cDOAJEJ | ||
| 999 |
_c65582 _d65582 |
||
| 945 |
_a1 _bMadushi Gamage _c1 _dMadushi Gamage |
||